Score 0/30 Timer 12:00
0 Plays Today
characters animated series % Correct
Bamm-Bamm, Pebbles, Mr. SlateThe Flintstones
100%
Mr. Spacely, Mr. Cogswell, AstroThe Jetsons
88.2%
Bender, Hermes Conrad, Dr. John ZoidbergFuturama
79.4%
Ernie the Giant Chicken, Greased Up Deaf Guy, Joyce KinneyFamily Guy
61.8%
Cosmo, Wanda, PoofThe Fairly Oddparents
58.8%
Finn the Human, Lumpy Space Princess, Marceline the Vampire QueenAdventure Time
58.8%
Swiper, Backpack, BootsDora the Explorer
58.8%
Helga, Stoop Kid, Grandpa PhilHey Arnold
52.9%
Gil Gunderson, Jeff Albertson, Agnes SkinnerThe Simpsons
50%
Officer Barbrady, Sharon Marsh, Principal VictoriaSouth Park
50%
Dee Dee, Mandark, MonkeyDexter's Laboratory
47.1%
Avery Bullock, Klaus, RogerAmerican Dad
44.1%
Ed Bighead, Spunky, HefferRocko's Modern Life
38.2%
Gyro Gearloose, Flintheart Glomgold, Launchpad McQuackDucktales
38.2%
Pops, Rigby, MordecaiRegular Show
35.3%
characters animated series % Correct
Bill Dauterive, Dale Gribble, John RedcornKing of the Hill
35.3%
Dr. Otto Scratchansniff, Chicken Boo, Katie Ka-BoomAnimaniacs
35.3%
Trap-Jaw, Cringer, OrkoHe-Man and the Masters of the Universe
26.5%
Brain, MAD Cat, Corporal CapemanInspector Gadget
26.5%
Zeke, Jimmy Pesto, Calvin FischoederBob's Burgers
23.5%
Kevin, Nazz, Jonny 2x4Ed, Edd, n Eddy
20.6%
Benny, Choo-Choo, Officer DibbleTop Cat
20.6%
Spritle, Chim Chim, TrixieSpeed Racer
20.6%
William Murderface, Toki Wartooth, Nathan ExplosionMetalocalypse
17.6%
Thurgood Stubbs, Juicy, SmokeyThe PJs
11.8%
Dan Halen, Early Cuyler, KrystalSquidbillies
8.8%
Mr. Gus, Belly Bag, Pizza SteveUncle Grandpa
8.8%
Wally Walrus, Gabby Gator, Buzz BuzzardThe Woody Woodpecker Show
5.9%
Wally, Alice, Loud HowardDilbert
2.9%
Uncle Gabby, Mademoiselle DeBoursay, Captain's DaughterThe Drinky Crow Show
2.9%
Remove Ads.
Support Sporcle.
Get the best of Sporcle when you Go Orange. This ad-free experience offers more features, more stats, and more fun while also helping to support Sporcle. Thank you for becoming a member.

You're not logged in!

Compare scores with friends on all Sporcle quizzes.
OR
Log In

Show Comments

Extras

Created Dec 14, 2014ReportNominate
Tags:Character, past, present

Top Quizzes Today


Score Distribution

Your Account Isn't Verified!

In order to create a playlist on Sporcle, you need to verify the email address you used during registration. Go to your Sporcle Settings to finish the process.

Report this User

Report this user for behavior that violates our Community Guidelines.

Details: